000 00920nam a22002532 4500
001 0000023591
005 20151217145942.0
008 130301s xx 000 0 eng d
020 _a0335202423 :
040 _aKABU
_cKABU
245 1 0 _aAssessment matters in higher education :
_bchoosing and using diverse approaches /
_cedited by Sally Brown and AngelaGlasner.
250 _a1st ed.
260 _aMaidenhead, England :
_bOpen University Press,
_c1999.
300 _axi, 210 p.
650 0 _aUniversities and colleges
_xExaminations.
_@0000183078
650 0 _aCollege students
_xRating of.
_@0000157894
650 0 _aCollege teaching
_xEvaluation.
_@0000183079
650 0 _aEducation, Higher.
_xEvaluation.
_@0000183080
700 1 _aBrown, Sally.
_@0000183081
700 1 _aGlasner, Angela.
_@0000183082
852 1 _9p2500 KES
908 _a130301
950 _@1
999 _c4390
_d4390